(One Hunderd One ) ways to prepare Curies / (Record no. 102255)

MARC details
000 -LEADER
fixed length control field 00547nam a22001817a 4500
005 - DATE AND TIME OF LATEST TRANSACTION
control field 20160812124217.0
010 ## - LCCN (DPL NO)
LC control number ENG-115744
020 ## - INTERNATIONAL STANDARD BOOK NUMBER
International Standard Book Number 9789381384275
Terms of availability 150.00
035 ## - SYSTEM CONTROL NUMBER
System control number EN-99276
037 ## - SOURCE OF ACQUISITION
Source of stock number/acquisition DBAD/PUB
082 ## - DEWEY DECIMAL CLASSIFICATION NUMBER
Classification number 641.5
100 ## - MAIN ENTRY--PERSONAL NAME
Personal name Reejhsinghani,Aroona
245 ## - TITLE STATEMENT
Title (One Hunderd One ) ways to prepare Curies /
Statement of responsibility, etc by Aroona Reejhsinghani
260 ## - PUBLICATION, DISTRIBUTION, ETC. (IMPRINT)
Place of publication, distribution, etc New Delhi
Name of publisher, distributor, etc V & S Publishers
Date of publication, distribution, etc 2013
270 ## - ADDRESS
Address F-2/16 Ansari Road,Daryaganj
City New Delhi
Postal code 110002
300 ## - PHYSICAL DESCRIPTION
Extent 136p.
Dimensions 23cm(pbk)
942 ## - ADDED ENTRY ELEMENTS (KOHA)
Source of classification or shelving scheme Dewey Decimal Classification
Item type English Books
Classification part 101
Call number suffix REE
Holdings
Withdrawn status Lost status Not for loan Collection code Home library Current library Date acquired Source of acquisition Cost, normal purchase price Full call number Barcode Copy number Cost, replacement price Koha item type
    Not For Loan Non-fiction D.B.Act.Division D.B.Act.Division 12/08/2016 DBAD/PUB 150.00 101 REE EN-99276 1 150.00 English Books

© Delhi Public Library
Hit Counter
free hit counter